| 000 | 00670nam a2200217Ia 4500 | ||
|---|---|---|---|
| 005 | 20250701164500.0 | ||
| 008 | 008 250505s9999 xx 000 0 eng d | ||
| 020 | _a9781474282765 | ||
| 037 | _aTextual | ||
| 040 |
_aEASL _beng _cEASL |
||
| 041 |
_aeng _2eng |
||
| 084 |
_aV42 :170a Q6, Q4 _qEASL |
||
| 100 | _aAnderson Emily Au. | ||
| 245 | 0 | _aChristianity and imperialism in modern Japan; Empire for god. | |
| 260 |
_aUK _bLondon Bloomsbury academic United kingdom _c2014 |
||
| 300 | _a314p. | ||
| 365 | _aUK | ||
| 650 |
_aChristianity-Japan--twenty th century _9815007 |
||
| 942 |
_cTEXL _hV42 :170a Q6, Q4 |
||
| 999 |
_c1433226 _d1433226 |
||